Assassin's Creed Video Game Locations - Click Quiz - Statistics

General Stats
  • This quiz has been taken 248 times
  • The average score is 11 of 12
Answer Stats
Hint Extra Hint Answer % Correct
assassin-s-creed-origins-hero-i64379.jpg Assassin's Creed Origins Ancient Egypt
98%
assassin-s-creed-shadows-i245052.jpg Assassin's Creed Shadows Feudal Japan
98%
s-l1200.jpg Assassin's Creed IV Black Flag Caribbean Sea
96%
assassin-s-creed-syndicate-siblings-i28238.jpg Assassin's Creed Syndicate England (London)
96%
61j+Dpn1dgL._AC_UF1000,1000_QL80_.jpg Assassin's Creed Unity France
95%
91p9XtnMyoL._AC_UF1000,1000_QL80_.jpg Assassin's Creed Mirage Iraq (Bagdad)
94%
71OwBUHbyML._AC_UF1000,1000_QL80_.jpg Assassin's Creed Odyssey Ancient Greece
93%
MV5BZjUxMTQ3YmQtNDE0OC00NzMyLWE0YWEtY2NjMmYzMDY1MzYzXkEyXkFqcGc@._V1_.jpg Assassin's Creed II / Assassin's Creed Brotherhood / Assassin's Creed Revelations Italy
93%
71uDZszwmgL.jpg Assassin's Creed Valhalla Norway & Kingdom of the Anglo-Saxons
92%
s-l1200.jpg Assassin's Creed III North America (Boston, New York, The Frontier)
90%
s-l1200.jpg Assassin's Creed Holy Land (Middle East)
88%
s-l1200.jpg Assassin's Creed Rogue North America (New York, Hudson Valley, North Atlantic)
84%
No matching quizzes found
Score Distribution
Percent of People with Each Score
Percentile by Number Answered
Your Score History
You have not taken this quiz